=LDR 00000nam 2200000 4500 =001 INLIS00000000000054 =005 20260702043538 =020 ##$$a 978-602-51394-3-7 =082 ##$$a 510.000 =100 1#$$a Pintar, Tim Pustaka =245 1 $$a Kumpulan Rumus Pintar Matematika Sd /Mi, Kelas 1,2,3,4,5,6, Di Lengkapi Latihan Soal /$c Tim Pustaka Pintar =300 ##$$a 200 ; 13 cm X 19 cm